[Event "Frankfurt-chB"]
[Site "Frankfurt"]
[Date "2017.05.29"]
[Round "6"]
[White "Burkart, Lloyd Shang"]
[Black "Henrich, Gerhard"]
[Result "1/2-1/2"]
[WhiteElo "774"]
[BlackElo "1121"]
[PlyCount "31"]
[EventDate "2017.04.24"]
[EventType "swiss"]
[EventRounds "7"]
[EventCountry "GER"]
[SourceTitle "EXT 2018"]
[Source "ChessBase"]
[SourceDate "2017.10.13"]
[SourceVersion "1"]
[SourceVersionDate "2017.10.13"]
[SourceQuality "1"]

1. d4 d5 2. c4 e6 3. Nc3 c6 4. cxd5 cxd5 5. Nf3 Nf6 6. Bg5 Be7 7. e3 0-0 8. Bd3 Nbd7 9. 0-0 a6 10. a4 h6 11. Bf4 Nb6 12. b3 Bd7 13. Rc1 Ne8 14. e4 dxe4 15. Nxe4 Nd5 16. Bg3 1/2-1/2

[Event "Frankfurt-chB"]
[Site "Frankfurt"]
[Date "2017.05.22"]
[Round "5"]
[White "Henrich, Gerhard"]
[Black "Al Butmeh, Firas"]
[Result "1/2-1/2"]
[WhiteElo "1121"]
[BlackElo "1195"]
[PlyCount "59"]
[EventDate "2017.04.24"]
[EventType "swiss"]
[EventRounds "7"]
[EventCountry "GER"]
[SourceTitle "EXT 2018"]
[Source "ChessBase"]
[SourceDate "2017.10.13"]
[SourceVersion "1"]
[SourceVersionDate "2017.10.13"]
[SourceQuality "1"]

1. d4 d5 2. Nf3 e6 3. e3 Nf6 4. Bd3 c5 5. c3 c4 6. Bc2 Bd6 7. 0-0 Nc6 8. Nbd2 0-0 9. Re1 b5 10. e4 dxe4 11. Nxe4 Nxe4 12. Bxe4 Bb7 13. Bxh7+ Kxh7 14. Ng5+ Kg6 15. Qc2+ Kf6 16. Nh7+ Ke7 17. Bg5+ f6 18. Nxf8 Kxf8 19. Bh4 e5 20. Rad1 exd4 21. cxd4 Nxd4 22. Rxd4 Bxh2+ 23. Kxh2 Qxd4 24. Qh7 Qxb2 25. Qh8+ Kf7 26. Qh5+ Kg8 27. Re8+ Rxe8 28. Qxe8+ Kh7 29. Qh5+ Kg8 30. Qe8+ 1/2-1/2

[Event "Frankfurt-chB"]
[Site "Frankfurt"]
[Date "2017.04.24"]
[Round "1"]
[White "Mayer, Andreas"]
[Black "Henrich, Gerhard"]
[Result "1-0"]
[WhiteElo "1434"]
[BlackElo "1121"]
[PlyCount "51"]
[EventDate "2017.04.24"]
[EventType "swiss"]
[EventRounds "7"]
[EventCountry "GER"]
[SourceTitle "EXT 2018"]
[Source "ChessBase"]
[SourceDate "2017.10.13"]
[SourceVersion "1"]
[SourceVersionDate "2017.10.13"]
[SourceQuality "1"]

1. e4 e5 2. d4 exd4 3. Qxd4 Nc6 4. Qe3 d6 5. Nc3 Nf6 6. Bd2 Be7 7. a3 a6 8. Bc4 b5 9. Ba2 Bb7 10. f3 0-0 11. Nge2 Qd7 12. g4 Ne5 13. Nf4 c5 14. g5 Ne8 15. Ncd5 Nc4 16. Bxc4 bxc4 17. Nb6 Qd8 18. Nxa8 Bxa8 19. Nd5 Bxd5 20. exd5 g6 21. h4 Ng7 22. 0-0-0 Qb6 23. Qxe7 Rb8 24. Bc3 Nf5 25. Qf6 Qb7 26. Qh8# 1-0